00577nam a2200181Ia 450000500170000000800410001702000180005804000460007604100080012210000220013024500500015226000310020230000180023350400530025165000230030465000360032765000320036320230518091800.0130821s1997 sp a gr spa  a9789588789507 aCo-BoUCMbspacDavid MorenodDavid Moreno00aspa1 aCovey, Stephen R.13aLa sabiduría y el legado cStephen R. Covey aColombia bGrijalbo c2013 a174 páginas aIncluye referencias bibliográficas e índices04aConducta (Ética)04aAutorrealización (Psicologia)04aMotivación (Psicología)